[Event "Chigorin Memorial"]
[Site "St Petersburg RUS"]
[Date "2013.10.13"]
[Round "9.105"]
[White "Kopasov, Evgeny"]
[Black "Stepanov, Andrey"]
[Result "1/2-1/2"]
[WhiteElo "1975"]
[BlackElo "1731"]
[WhiteFideId "4181239"]
[BlackFideId "24198730"]
[EventDate "2013.10.05"]

1. d4 Nf6 2. c4 g6 3. Nc3 Bg7 4. e4 d6 5. f3 O-O 6. Be3 Nc6 7. Nge2 a6 8. Qd2
Rb8 9. Rc1 Bd7 10. Nd1 Ne8 11. g3 f5 12. Bg2 fxe4 13. fxe4 Qc8 14. Nf2 Nf6 15.
O-O Ng4 16. Nxg4 Bxg4 17. Rxf8+ Qxf8 18. Rf1 Qe8 19. Bf3 Bxf3 20. Rxf3 e5 21. d5
Nd4 22. Rf1 Nxe2+ 23. Qxe2 Qe7 24. b4 Qd7 25. c5 Qa4 26. cxd6 cxd6 27. Qc4 Qd7
28. Rc1 Rf8 29. Qc7 Rf7 30. Qb8+ Rf8 31. Qc7 Qxc7 32. Rxc7 Rf7 33. Rxf7 Kxf7 34.
Kf2 b5 35. g4 h6 36. h4 Bf6 37. h5 g5 38. Ke2 Bd8 39. Kd3 Kf6 40. Ba7 Bc7 41.
Kc3 Ke7 42. Kd3 Kd7 43. Be3 Ke7 44. Kc3 Bd8 1/2-1/2

[Event "Chigorin Memorial"]
[Site "St Petersburg RUS"]
[Date "2013.10.13"]
[Round "9.106"]
[White "Stoliarenko, Ivan"]
[Black "Alieva, Alexandra"]
[Result "0-1"]
[WhiteElo "1724"]
[BlackElo "1940"]
[WhiteFideId "24199591"]
[BlackFideId "24133353"]
[EventDate "2013.10.05"]

1. e4 e5 2. Nf3 Nc6 3. Bb5 Nf6 4. O-O Bc5 5. Nc3 O-O 6. d3 d6 7. h3 Be6 8. Bg5
h6 9. Bxc6 bxc6 10. Be3 Bb6 11. Ne2 Nh7 12. Ng3 f5 13. exf5 Bxf5 14. c3 Be6 15.
d4 Bd5 16. Ne1 e4 17. b3 Nf6 18. Qb1 Qe7 19. c4 Bf7 20. c5 dxc5 21. dxc5 Bxc5
22. Bxc5 Qxc5 23. Nxe4 Nxe4 24. Qxe4 Bh5 25. Nd3 Qg5 26. f4 Qd5 27. Qe3 Rae8 28.
Ne5 g5 29. g3 Re7 30. Kh2 Kh7 31. Qd3+ Qxd3 32. Nxd3 Re2+ 33. Rf2 Rxf2+ 34. Nxf2
gxf4 35. gxf4 Rxf4 36. Kg2 Bf7 37. Kg3 Rf5 38. Re1 Bd5 39. Ng4 Kg6 40. Re7 h5
41. Ne3 Rf3+ 42. Kh4 Kf6 43. Nxd5+ cxd5 44. Rxc7 d4 45. Rxa7 d3 46. Rd7 Ke5 47.
a4 Rf4+ 48. Kg3 Rd4 49. Re7+ Kd5 50. Kf2 Kc5 51. Rc7+ Kb4 52. Rc4+ Rxc4 53. bxc4
Kc3 0-1

[Event "Chigorin Memorial"]
[Site "St Petersburg RUS"]
[Date "2013.10.13"]
[Round "9.108"]
[White "Chernov, Maksim"]
[Black "Khatenever, Feliks"]
[Result "1-0"]
[WhiteElo "1962"]
[BlackElo "1837"]
[WhiteFideId "24194280"]
[BlackFideId "4131800"]
[EventDate "2013.10.05"]

1. e4 e6 2. d4 d5 3. Nc3 dxe4 4. Nxe4 Nd7 5. Nf3 Ngf6 6. Nxf6+ Nxf6 7. Bd3 c5 8.
c3 cxd4 9. cxd4 Bb4+ 10. Bd2 Bd6 11. O-O Qb6 12. b3 Bd7 13. Rc1 Bb5 14. Qe2 Bxd3
15. Qxd3 O-O 16. Rc4 a5 17. Bc3 Nd5 18. Ng5 g6 19. Qh3 h5 20. Bd2 Bf4 21. Bxf4
Nxf4 22. Qf3 Nd5 23. Ne4 Qd8 24. Rd1 Qe7 25. a4 Rac8 26. Rdc1 Rxc4 27. Rxc4 b6
28. h3 Kg7 29. Nc3 Nxc3 30. Qxc3 Kg8 31. Rc6 Rb8 32. Qc4 Qa3 33. g3 Qa1+ 34. Kg2
Qe1 35. d5 exd5 36. Qxd5 Qe8 37. Rxg6+ Kf8 38. Qd6+ 1-0

[Event "Chigorin Memorial"]
[Site "St Petersburg RUS"]
[Date "2013.10.13"]
[Round "9.109"]
[White "Pankova, Julia"]
[Black "Shpakovsky, Kirill"]
[Result "0-1"]
[WhiteElo "1621"]
[BlackElo "1891"]
[WhiteFideId "34103276"]
[BlackFideId "4168852"]
[EventDate "2013.10.05"]

1. e4 c6 2. d4 d5 3. exd5 cxd5 4. Bd3 Nf6 5. Bf4 Nc6 6. c3 e6 7. Nf3 Bd6 8. Bxd6
Qxd6 9. O-O O-O 10. Re1 b6 11. Nbd2 Bb7 12. Ne5 h6 13. Ndf3 Nd7 14. Bc2 Nf6 15.
Qd3 Ne7 16. Ng4 Ne4 17. Nd2 Qf4 18. Nxe4 dxe4 19. Qg3 Qd2 20. Rac1 Nf5 21. Qe5
Rae8 22. Qb5 e3 23. Qe2 exf2+ 24. Qxf2 Qg5 25. Bxf5 exf5 26. Ne5 f6 27. Nf3 Bxf3
28. Qxf3 Re4 29. Rcd1 Rfe8 30. Qf2 Qh5 31. Rc1 Re2 32. Rxe2 Rxe2 33. Qg3 Rxb2
34. Qb8+ Kh7 35. Qxa7 Qg5 0-1

[Event "Chigorin Memorial"]
[Site "St Petersburg RUS"]
[Date "2013.10.13"]
[Round "9.110"]
[White "Halikov, Bulat"]
[Black "Aleksandrov, Grigoriy"]
[Result "0-1"]
[WhiteElo "1611"]
[BlackElo "1890"]
[WhiteFideId "34147869"]
[BlackFideId "24199656"]
[EventDate "2013.10.05"]

1. e4 c5 2. Nf3 d6 3. d4 cxd4 4. Nxd4 Nf6 5. Nc3 a6 6. Be3 e5 7. Nb3 Be7 8. f3
Be6 9. Be2 Nbd7 10. Qd2 b5 11. a3 Rc8 12. O-O Nb6 13. Rad1 O-O 14. f4 Nc4 15.
Bxc4 Rxc4 16. f5 Bc8 17. Qd3 Bb7 18. Nd2 Rc8 19. Bg5 h6 20. Bxf6 Bxf6 21. Nb3
Qb6+ 22. Kh1 Rfd8 23. Rd2 Rc4 24. Nd5 Bxd5 25. Qxd5 Qe3 26. Na5 Rxe4 27. Nb7 Rf4
28. Rfd1 Rd7 29. Nxd6 Rd4 30. Rxd4 exd4 31. Qa8+ Kh7 32. Ne4 Qe2 33. Nxf6+ gxf6
34. Rg1 Qxc2 35. Qxa6 Qxf5 36. a4 bxa4 37. Qxa4 d3 38. Qd1 d2 39. b3 Qd3 40. b4
Rc7 41. Qa1 Qc2 42. b5 Qc1 43. Qd4 Qxg1+ 44. Kxg1 Rc1+ 45. Kf2 d1=Q 46. Qe4+ Kh8
47. Qa8+ Kg7 48. Qa5 Rc2+ 49. Kg3 Qd3+ 0-1

[Event "Chigorin Memorial"]
[Site "St Petersburg RUS"]
[Date "2013.10.13"]
[Round "9.111"]
[White "Kunin, Pavel"]
[Black "Rybakova, Polina"]
[Result "0-1"]
[WhiteElo "1880"]
[BlackElo "1794"]
[WhiteFideId "34107093"]
[BlackFideId "24178829"]
[EventDate "2013.10.05"]

1. e4 c5 2. Nf3 d6 3. d4 cxd4 4. Nxd4 Nf6 5. Nc3 a6 6. Be3 e5 7. Nb3 Be7 8. f3
O-O 9. Qd2 Be6 10. O-O-O Nbd7 11. g4 b5 12. h4 b4 13. Nd5 Bxd5 14. exd5 a5 15.
Kb1 Nb6 16. Bxb6 Qxb6 17. h5 Nd7 18. g5 a4 19. Nc1 Nc5 20. g6 h6 21. gxf7+ Rxf7
22. Rg1 Ne4 23. fxe4 Qxg1 24. Bh3 Rf2 25. Be6+ Kh8 26. Qxh6+ gxh6 27. Rxg1 Raf8
28. Bf5 Rh2 29. Bg6 Rff2 30. Nd3 Rxc2 31. Rf1 Rcd2 32. Nc1 Rxb2+ 33. Ka1 Bg5 34.
Rf8+ Kg7 35. Rf7+ Kg8 36. Ra7 Bxc1 37. Rxa4 Be3 38. Ra8+ Kg7 0-1

[Event "Chigorin Memorial"]
[Site "St Petersburg RUS"]
[Date "2013.10.13"]
[Round "9.112"]
[White "Klimentiev, Sergey"]
[Black "Pitkanen, Juhani"]
[Result "0-1"]
[WhiteElo "1877"]
[BlackElo "1744"]
[WhiteFideId "24155896"]
[BlackFideId "504432"]
[EventDate "2013.10.05"]

1. e4 c5 2. Nf3 e6 3. d4 cxd4 4. Nxd4 a6 5. Be2 Nf6 6. e5 Qa5+ 7. Nc3 Qxe5 8.
O-O Be7 9. Re1 Qc7 10. a3 O-O 11. Bf3 d5 12. Be3 e5 13. Nb3 d4 14. Bd2 dxc3 15.
Bxc3 e4 16. Bxe4 Nxe4 17. Rxe4 Bf5 18. Re3 Nc6 19. Qe2 Bg5 20. Rg3 Bh6 21. Re1
g6 22. Qh5 Qf4 23. Ree3 Rfd8 24. Qe2 Qd6 25. Rd3 Bxd3 26. Rxd3 Qf8 27. g3 Rxd3
28. cxd3 Bg7 29. a4 Bxc3 30. bxc3 Qa3 0-1

[Event "Chigorin Memorial"]
[Site "St Petersburg RUS"]
[Date "2013.10.13"]
[Round "9.113"]
[White "Klevets, Ksenia"]
[Black "Sorokina, Svetlana"]
[Result "1/2-1/2"]
[WhiteElo "1872"]
[BlackElo "1716"]
[WhiteFideId "24157937"]
[BlackFideId "24166006"]
[EventDate "2013.10.05"]

1. e4 c5 2. Nf3 e6 3. d3 Nc6 4. Nbd2 Qc7 5. g3 Be7 6. Bg2 Nf6 7. O-O d5 8. Re1
O-O 9. e5 Nd7 10. Qe2 b5 11. h4 f6 12. exf6 Nxf6 13. Bh3 e5 14. Bxc8 Raxc8 15.
Nxe5 Nxe5 16. Qxe5 Bd6 17. Qg5 Rfe8 18. Rxe8+ Rxe8 19. Nf3 Qf7 20. Qf5 g6 21.
Qh3 Nh5 22. Qg2 Re2 23. Ng5 Re1+ 24. Kh2 Qf5 25. Qf3 Qxf3 26. Nxf3 Re2 27. Kg1
c4 28. Bd2 Bc5 29. Rf1 Nxg3 30. d4 Bxd4 31. Nxd4 Nxf1 32. Nxe2 Nxd2 33. Nc3 Nf3+
34. Kf1 Nd4 35. Nxd5 Nxc2 36. Ke2 Kf7 37. Kd2 Ke6 38. Nc7+ Kd6 39. Nxb5+ Kc5 40.
Nxa7 Nb4 41. a3 Nd3 42. Kc2 Nxf2 43. Nc8 Ne4 44. Ne7 Ng3 45. Kc3 Ne4+ 46. Kc2 g5
47. hxg5 Nxg5 48. b3 cxb3+ 1/2-1/2

[Event "Chigorin Memorial"]
[Site "St Petersburg RUS"]
[Date "2013.10.13"]
[Round "9.114"]
[White "Popov, Alexei"]
[Black "Soliva Ruiz, Ramon"]
[Result "1-0"]
[WhiteElo "1858"]
[BlackElo "1589"]
[WhiteFideId "24195898"]
[BlackFideId "32043376"]
[EventDate "2013.10.05"]

1. e4 b6 2. Nc3 Bb7 3. d4 e6 4. Nf3 g6 5. Bd3 Bg7 6. O-O Ne7 7. Be3 d6 8. Qd2 h6
9. Ne1 Nbc6 10. Ne2 Qd7 11. c3 f5 12. Qc2 g5 13. f4 g4 14. Ng3 Rf8 15. Qe2 O-O-O
16. Nc2 Qe8 17. Bd2 h5 18. exf5 exf5 19. Qe6+ Kb8 20. Nxf5 Rxf5 21. Bxf5 Bc8 22.
Bg6 Bxe6 23. Bxe8 Rxe8 24. Rfe1 Bd7 25. Ne3 Bh6 26. d5 Nd8 27. g3 Rf8 28. Nxg4
hxg4 29. Rxe7 Bf5 30. Rae1 Bg6 31. c4 Kc8 32. b4 Rf5 33. a4 a6 34. Bc3 Bf8 35.
R7e2 Kd7 36. Bg7 Kc8 37. Bxf8 Rxf8 38. Re7 Rg8 39. Kf2 Bf7 40. Rc1 Rh8 41. Kg1
Kb7 42. c5 bxc5 43. bxc5 Bxd5 44. cxd6 Nc6 45. Rb1+ Ka8 46. Rxc7 Rd8 47. d7 Na7
48. Rb6 a5 49. Ra6 Bb7 50. Rb6 Bf3 51. Rb5 Nxb5 52. Rc8+ Kb7 53. Rxd8 Kc7 54.
Rb8 Kxd7 55. Rxb5 Kc6 56. Rxa5 Kb6 57. Rg5 Kc6 58. a5 Kd6 59. a6 Ke6 60. a7 Kf6
61. Kf2 Kf7 62. Ke3 Kf8 63. Kd4 Kf7 64. Ke5 1-0

[Event "Chigorin Memorial"]
[Site "St Petersburg RUS"]
[Date "2013.10.13"]
[Round "9.116"]
[White "Gantsevich, Aleksei"]
[Black "Stroganov, Anatoly"]
[Result "1-0"]
[WhiteElo "1922"]
[BlackElo "1781"]
[WhiteFideId "24131610"]
[BlackFideId "4178955"]
[EventDate "2013.10.05"]

1. e4 c5 2. Nf3 d6 3. d4 cxd4 4. Nxd4 Nf6 5. Nc3 g6 6. Be3 Bg7 7. f3 Nc6 8. Qd2
O-O 9. Bc4 Bd7 10. Bb3 a6 11. O-O-O Na5 12. h4 Nxb3+ 13. Nxb3 h5 14. Bg5 Be6 15.
Nd4 Rc8 16. Kb1 Re8 17. Rhe1 Qa5 18. Nxe6 fxe6 19. Ne2 Qc7 20. c3 b5 21. Nf4 Kf7
22. Qd3 Qc4 23. Qc2 e5 24. Nh3 b4 25. Bd2 Nh7 26. Rc1 bxc3 27. Qxc3 Qe6 28. Qd3
Bf6 29. Bg5 Bxg5 30. hxg5 a5 31. f4 exf4 32. Nxf4 Qe5 33. Rxc8 Rxc8 34. Qb3+ Kg7
35. Ne6+ Kh8 36. Qd5 Nf8 37. Qxe5+ dxe5 38. Nxf8 Rxf8 39. Re2 Rf4 40. Kc2 Kg7
41. Kb3 e6 42. Ka4 Rf8 43. b3 Ra8 44. Rc2 Rd8 45. Kxa5 Rd4 46. Re2 Kf7 47. b4
Ke7 48. b5 Kd7 49. Kb6 Kc8 50. Rc2+ Kb8 51. Re2 Rc4 52. Rf2 Kc8 53. Re2 Rd4 54.
a3 Ra4 55. Re3 Kb8 56. Kc6 Rc4+ 57. Kd6 Kb7 58. Kxe5 Rc5+ 59. Kf6 Rxb5 60. Kxg6
h4 61. Kh5 Rb2 62. Kxh4 Rxg2 63. Rg3 Rh2+ 64. Kg4 Kc6 65. g6 Rh8 66. Kg5 Kd6 67.
g7 Rg8 68. Kf6 e5 69. Kf7 Ra8 70. g8=Q Rxg8 71. Kxg8 1-0

[Event "Chigorin Memorial"]
[Site "St Petersburg RUS"]
[Date "2013.10.13"]
[Round "9.117"]
[White "Krasnikov, Mikhail"]
[Black "Fokin, Anatoly"]
[Result "1-0"]
[WhiteElo "1846"]
[BlackElo "1765"]
[WhiteFideId "24113140"]
[BlackFideId "24124451"]
[EventDate "2013.10.05"]

1. d4 d5 2. c4 e6 3. Nc3 Nf6 4. cxd5 exd5 5. Bg5 Be7 6. e3 O-O 7. Bd3 Re8 8. Qc2
h6 9. Bh4 c6 10. Nge2 Ne4 11. Bg3 f5 12. O-O g5 13. Rab1 Bd6 14. b4 Be6 15. b5
Qe7 16. f3 Nxc3 17. Nxc3 Rf8 18. Bf2 c5 19. dxc5 Bxc5 20. e4 dxe4 21. fxe4 f4
22. Nd5 Bxf2+ 23. Rxf2 Bxd5 24. exd5 Qd6 25. Re1 Nd7 26. Re6 Qb4 27. Bh7+ Kh8
28. Rxh6 Rf6 29. Rh5 Qe1+ 30. Rf1 Qe3+ 31. Kh1 f3 32. gxf3 Kg7 33. Qg2 Rh6 34.
Rxh6 Kxh6 35. Qh3+ Kg7 36. Qxd7+ Kh8 37. Be4 1-0

[Event "Chigorin Memorial"]
[Site "St Petersburg RUS"]
[Date "2013.10.13"]
[Round "9.120"]
[White "Petrochenko, Maria"]
[Black "Malova, Anna"]
[Result "0-1"]
[WhiteElo "1759"]
[BlackElo "1817"]
[WhiteFideId "24161420"]
[BlackFideId "24164933"]
[EventDate "2013.10.05"]

1. b4 a5 2. b5 c5 3. c4 d6 4. Bb2 e5 5. e3 Nf6 6. Be2 Be7 7. d3 Nbd7 8. Nf3 O-O
9. O-O Qc7 10. Nc3 Nb6 11. Na4 h6 12. Nxb6 Qxb6 13. a4 Rd8 14. Qb3 Be6 15. Rad1
d5 16. Nxe5 dxc4 17. Nxc4 Qc7 18. Qc2 Bxc4 19. dxc4 Nd7 20. Bc3 Bd6 21. h3 Nb6
22. Bb2 Bh2+ 23. Kh1 Be5 24. Bxe5 Qxe5 25. Bf3 Qe7 26. Rxd8+ Rxd8 27. Rd1 Rxd1+
28. Bxd1 Qh4 29. Bg4 h5 30. Bf3 Qxc4 31. Qxc4 Nxc4 32. Bd5 Nb2 33. Bxb7 Nxa4 34.
Bd5 Nb6 35. Ba2 c4 36. Kg1 c3 37. Bb1 a4 38. Kf1 a3 39. Ke2 c2 40. Bxc2 a2 0-1

[Event "Chigorin Memorial"]
[Site "St Petersburg RUS"]
[Date "2013.10.13"]
[Round "9.121"]
[White "Bezobrazov, Lev"]
[Black "Tskhadadze, Anna"]
[Result "0-1"]
[WhiteElo "1648"]
[BlackElo "1806"]
[WhiteFideId "4152409"]
[BlackFideId "4165098"]
[EventDate "2013.10.05"]

1. e4 c6 2. Nc3 g6 3. Nf3 Bg7 4. Be2 d6 5. d3 Nf6 6. h3 O-O 7. Bg5 b5 8. a3 a5
9. Qd2 Na6 10. Nd4 Bd7 11. Bf3 Qb6 12. Nde2 b4 13. Nd1 Rab8 14. Be3 c5 15. g4
Bc6 16. h4 d5 17. Bf4 dxe4 18. dxe4 Nxe4 19. Qe3 Nd6 20. Bxd6 exd6 21. Bxc6 Qxc6
22. O-O Rfe8 23. Qd2 Qf3 24. Ne3 Be5 25. c3 Qh3 26. f4 Bg7 27. Ng2 Qxg4 28. Rae1
bxa3 29. bxa3 Re6 30. Qd3 Nc7 31. f5 gxf5 32. Rf4 Qg6 33. Rxf5 Re5 34. Ref1 Rxf5
35. Rxf5 c4 36. Qf3 Rb1+ 37. Kf2 Rb5 38. Rf4 Ne6 39. Rxc4 Rf5 40. Ngf4 Qf6 41.
Kg2 Nxf4+ 42. Nxf4 h6 43. Qa8+ Kh7 44. Qe4 d5 45. Nxd5 Qg6+ 46. Kh3 Re5 47.
Qxg6+ fxg6 48. Rc5 a4 49. c4 Rf5 50. Kg2 g5 51. hxg5 Rxg5+ 52. Kh3 Rh5+ 53. Kg4
Rg5+ 54. Kh4 Re5 55. Rc6 Re1 56. Kh3 Re5 57. Kg4 Re1 58. Ra6 Re4+ 59. Kh5 Rxc4
60. Nb4 Rc5+ 61. Kg4 Bb2 0-1

[Event "Chigorin Memorial"]
[Site "St Petersburg RUS"]
[Date "2013.10.13"]
[Round "9.123"]
[White "Osipov, Vladimir N."]
[Black "Mikhaylov, Dimitri"]
[Result "0-1"]
[WhiteElo "1919"]
[BlackElo "1819"]
[WhiteFideId "34139823"]
[BlackFideId "13901273"]
[EventDate "2013.10.05"]

1. e4 Nf6 2. e5 Nd5 3. c4 Nb6 4. d4 d6 5. Nf3 g6 6. Nc3 Bg7 7. Bf4 O-O 8. Bd3
Nc6 9. c5 dxc5 10. dxc5 Nd7 11. Nb5 Nxc5 12. Bc4 Be6 13. Be2 Qc8 14. O-O Nd7 15.
Qc2 Bf5 16. Qc3 a6 17. Nbd4 Be4 18. Nxc6 Bxc6 19. Nd4 Bd5 20. Bf3 e6 21. Rfe1 c5
22. Nb3 b5 23. Rad1 Qc6 24. Bxd5 exd5 25. Qd2 d4 26. Bh6 Rfe8 27. Bxg7 Kxg7 28.
f4 f6 29. Rc1 fxe5 30. fxe5 Qb6 31. e6 Rxe6 32. Rxe6 Qxe6 33. Nxc5 Nxc5 34. Rxc5
Qe4 35. Rc7+ Kg8 36. h3 Rd8 0-1